| 000 | 00643nam a2200193 4500 | ||
|---|---|---|---|
| 001 | 112626 | ||
| 003 | ES-MaACL | ||
| 005 | 20230906185557.0 | ||
| 007 | t| | ||
| 008 | 061121s1973 sp r ||||1| spa d | ||
| 100 | 1 |
_aMuñoz Vidal, Antonio Bartolomé. _984513 |
|
| 245 | 1 | 3 |
_aEl socio indirecto en las Cajas Rurales / _cAntonio Bartolomé Muñoz Vidal. |
| 260 |
_aMurcia : _bCaja Rural Provincial de Murcia, _c1973. |
||
| 300 |
_a309 p. ; _c24 cm. |
||
| 490 | 1 |
_aEstudios sobre derecho cooperativo ; _v1 |
|
| 830 | 0 |
_aEstudios sobre derecho cooperativo ; _v1 _9233145 |
|
| 852 |
_aES-MaACL _jC-55933 _bR.88528 |
||
| 999 |
_c112626 _d112626 |
||